Flag Map by Japanese Prefecture - Statistics

General Stats
  • This quiz has been taken 49 times
  • The average score is 32 of 47
Answer Stats
Picture Answer % Correct
Hokkaido
93%
Tokyo
93%
Aichi
86%
Niigata
86%
Ōsaka
86%
Hyōgo
83%
Kyoto
83%
Saitama
83%
Aomori
79%
Chiba
79%
Fukuoka
79%
Kanagawa
79%
Miyagi
79%
Okinawa
79%
Shizuoka
79%
Hiroshima
76%
Kagoshima
76%
Nagasaki
76%
Ibaraki
72%
Gifu
69%
Nagano
69%
Okayama
69%
Gunma
66%
Kumamoto
66%
Mie
66%
Tochigi
66%
Ehime
62%
Ishikawa
62%
Nara
62%
Yamaguchi
62%
Fukushima
59%
Iwate
59%
Kochi
59%
Tottori
59%
Toyama
59%
Yamagata
59%
Akita
55%
Fukui
55%
Kagawa
55%
Miyazaki
55%
Ōita
55%
Shiga
55%
Shimane
55%
Tokushima
55%
Saga
52%
Wakayama
52%
Yamanashi
52%
No matching quizzes found
Score Distribution
Percent of People with Each Score
Percentile by Number Answered
Your Score History
You have not taken this quiz